书目信息 |
| 书名: | Endocrinology of the vasculature | |
| 作者: | edited by James R. Sowers. | |
| 分册号: | ||
| 分册名: | 出版地: | Totowa, N.J. : |
|
| 出版社: | Humana Press | |
| 出版时间: | c1996. | |
| 页数: | 396 p. ; | |
| 开本: | 27 cm. | |
| 丛书名: | ||
| 中图分类号: | ||
| 科图分类号: | ||
| 其他分类号: | R58 | |
| 主题词: | ||
| 电子资源: | ||
| 000 | 01153nam a2200337 a 450 | |
| 001 | E0733108651 | |
| 005 | 20070426091453.45 | |
| 008 | 960723s1996 nju b 001 0 eng | |
| 010 | @a96172071 | |
| 020 | @a0896033635 (acid-free paper). | |
| 035 | @A(DLC) 96172071 | |
| 040 | @aDLC@cDLC | |
| 050 | 00 | @aQP110.V34@bE53 1996 |
| 082 | 00 | @a612.1/3@2 20 |
| 090 | @aR58 | |
| 099 | @dR58@ex28 | |
| 245 | 00 | @aEndocrinology of the vasculature / @cedited by James R. Sowers. |
| 260 | @aTotowa, N.J. :@bHumana Press,@cc1996. | |
| 300 | @a396 p. ;@c27 cm. | |
| 490 | 1 | @aContemporary endocrinology |
| 504 | @aIncludes bibliographical references and index. | |
| 650 | 0 | @aAutocrine mechanisms. |
| 650 | 0 | @aVascular endothelium. |
| 650 | 0 | @aVascular smooth muscle. |
| 650 | 0 | @aParacrine mechanisms. |
| 700 | 1 | @aSowers, James R.@q(James Russell),@d1942- |
| 830 | 0 | @aContemporary endocrinology (Totowa, N.J.) |
| 906 | @a7@bcbc@corignew@d2@encip@f19@gy-gencatlg | |
| 922 | @aco | |
| 955 | @apb06 to cat 07-23-96; jc09 07-24-96; jc02 08-01-96; jc03 09-11-96 | |
| 991 | @bc-GenColl@hQP110.V34@iE53 1996@p00055320366@tCopy 1@wBOOKS | |
| Endocrinology of the vasculature / / edited by James R. Sowers.-Totowa, N.J. : : Humana Press, , c1996. |
| 396 p. ; ; 27 cm.- (Contemporary endocrinology ) |
| Includes bibliographical references and index. |
| ISBN 0896033635 (acid-free paper). |
| ● |
| 相关链接 |
|
|
|
|
正题名:Endocrinology of the vasculature
索取号:R58/x28
 
预约/预借
| 序号 | 登录号 | 条形码 | 馆藏地/架位号 | 状态 | 备注 |
| 1 | 5494 | 300054946 | 第二样本阅览室/ [索取号:R58/x28] | 在馆 |